LEADER 02095oas 2200865 a 450 001 9910146935503321 005 20251208213017.0 011 $a1467-1131 035 $a(DE-599)ZDB2194408-8 035 $a(DE-599)2194408-8 035 $a(OCoLC)57696122 035 $a(CONSER) 2006249034 035 $a(CKB)1000000000024848 035 $a(EXLCZ)991000000000024848 100 $a20050221a19999999 sy 101 0 $aeng 135 $aurunu|||||||| 181 $ctxt$2rdacontent 182 $cc$2rdamedia 183 $acr$2rdacarrier 200 10$aJournal of radiotherapy in practice 210 $aCambridge ;$aNew York $cCambridge University Press$d1999- 215 $a1 online resource 311 08$a1460-3969 517 3 $aRadiotherapy in practice 606 $aRadiotherapy$vPeriodicals 606 $aMedical radiology$vPeriodicals 606 $aRadiotherapy 606 $aRadiothe?rapie$vPe?riodiques 606 $aMedical radiology$2fast$3(OCoLC)fst01088281 606 $aRadiotherapy$2fast$3(OCoLC)fst01088351 608 $aPeriodical. 608 $aPeriodicals.$2fast 608 $aPeriodicals.$2lcgft 615 0$aRadiotherapy 615 0$aMedical radiology 615 2$aRadiotherapy. 615 6$aRadiothe?rapie 615 7$aMedical radiology. 615 7$aRadiotherapy. 676 $a615.842 801 0$bOUN 801 1$bOUN 801 2$bOCLCQ 801 2$bOCL 801 2$bFTU 801 2$bZYU 801 2$bOCL 801 2$bOCLCQ 801 2$bOCLCF 801 2$bOCLCA 801 2$bOCL 801 2$bOCLCQ 801 2$bNLE 801 2$bAU@ 801 2$bUKMGB 801 2$bAUD 801 2$bVT2 801 2$bBWN 801 2$bDKU 801 2$bOCLCO 801 2$bQGK 801 2$bOCLCQ 801 2$bOCLCO 801 2$bOCLCQ 801 2$bUAB 801 2$bUEJ 801 2$bOCLCL 801 2$bUBY 801 2$bOCLCQ 801 2$bU3W 906 $aJOURNAL 912 $a9910146935503321 996 $aJournal of radiotherapy in practice$91894849 997 $aUNINA